|
|
|
|
| LEADER |
00646cam a2200193 7i4500 |
| 001 |
0000003614 |
| 005 |
19991025090000.0 |
| 002 |
##000004990 |
| 020 |
0 |
0 |
|a 0-8144-0236-4
|
| 090 |
0 |
0 |
|a B 658.4063
|b MAN
|
| 100 |
0 |
0 |
|a Manganelli, Raymond L.
|
| 245 |
0 |
0 |
|a The Reeengineering handbook :
|b a step-by-step guide to business transformation
|c Raymond L.Manganelli and Mark M. Klein.
|
| 260 |
0 |
0 |
|a New York:
|b AMACOM,
|c 1994.
|
| 300 |
0 |
0 |
|a 318p.
|
| 650 |
0 |
0 |
|a Organizational change --
|x Management
|
| 650 |
0 |
0 |
|a Corporate reorganizations
|
| 650 |
0 |
0 |
|a Reengineering
|
| 700 |
0 |
0 |
|a Klein, Mark M.
|
| 999 |
|
|
|a 0000005928
|b Book
|c Open shelf
|e Business Information Centre
|